|
|
|
|
| LEADER |
00792nam a2200277 4500 |
| 001 |
DLU090068928 |
| 005 |
##20090320 |
| 040 |
# |
# |
|a DLU
|b eng
|
| 041 |
# |
# |
|a eng
|
| 044 |
# |
# |
|a US
|
| 100 |
# |
# |
|a Kang, Dae Joong,
|c PhD.
|
| 245 |
# |
# |
|a Rhizoactivity :
|b Toward a Postmodern Theory of Lifelong Learning /
|c Dae Joong Kang.
|
| 653 |
# |
# |
|a Adult learning
|
| 653 |
# |
# |
|a Lifelong learning
|
| 653 |
# |
# |
|a Postmodernism
|
| 653 |
# |
# |
|a Rhizome
|
| 773 |
# |
# |
|t Adult Education Quarterly
|g Vol. 57(3), May 2007, p. 205-220
|
| 920 |
# |
# |
|a Phòng Tạp chí -- Trung tâm Thông tin - Thư viện Trường Đại học Đà Lạt
|
| 994 |
# |
# |
|a DLU
|
| 900 |
# |
# |
|a True
|
| 911 |
# |
# |
|a Lê Thị Mạnh Xuân
|
| 925 |
# |
# |
|a G
|
| 926 |
# |
# |
|a A
|
| 927 |
# |
# |
|a BB
|
| 980 |
# |
# |
|a Thư viện Trường Đại học Đà Lạt
|